Statistics for Countries that Have Sovereignty Dispute

Click here to take the quiz!

General Stats

  • This quiz has been taken 90 times
  • The average score is 6 of 8

Answer Stats

Not Recognized by...Country% Correct
178 UN MembersTaiwan
91%
28 UN MembersIsrael
85%
94 UN Members and Vatican CityKosovo
84%
3 UN MembersNorth Korea
84%
1 UN MemberSouth Korea
78%
15 UN Members, Vatican City
and Taiwan
China
74%
1 UN MemberArmenia
54%
1 UN MemberCyprus
41%

Score Distribution

Percentile by Number Answered

Percent of People with Each Score

Your Score History

You have not taken this quiz